000 01011nas a2200301 4500
001 BR2011004580
003 BR-BrBNA
005 20231205115520.0
007 ta
008 230509b bl.|||p| |||| 00| 00por d
040 _aBR-BrBNA
_bpor
_cBiblioteca Nacional de Agricultura
041 _a(Pt)
072 _aH60
100 1 _aBalbinot Júnior, A.A.
100 1 _aNesi, C.N.
100 1 _aMoraes, A. de M.
100 1 _aBackes, R.L.
245 1 _aInfestação de plantas daninhas e produtividade de milho afetadas por épocas de dessecação de coberturas de inverno
246 1 _aWeed infestation and maize yield affected by desiccation time of winter cover crops
650 _aMILHO
650 _aZEA MAYS
650 _aERVA DANINHA
650 _aPRODUTIVIDADE
650 _aPLANTIO DIRETO
773 0 _tRevista de Ciências Agroveterinárias (Brazil)
_xISSN 1676-9732
_g(Jul-Dec 2007), v. 6(2) p. 134-142
_wBR2011004580
909 _a202311
_bLúcia
_c55
_dLúcia Elande
942 _2AGRIS
_n0
_cANA
999 _c214202
_d214202